LEADER 01064nam a2200241 4500 001 000000333132 003 CaOOAMICUS 005 20190412102849.0 008 190327s2006 it 000 u ita r 040 $aSeMil$bita 100 1 $aShenouda,$c.$0(OLS)http://semarc/name/109247 240 14$aThe life of repentance and purity.$0(OLS)http://semarc/title/422337 245 10$aVita di conversione e di purezza /$cdi Sua Santità Papa Shenouda 3. 264 1$aRoma :$bPatriarcato Copto Ortodosso,$c2006. 300 $a447 p. :$b1 ritr. ;$c20 cm 650 4$aPurezza - Virtù.$0(OLS)http://semarc/subject/10710 650 4$aConversione.$0(OLS)http://semarc/subject/6040 850 $aSeMil 852 $aSeMil$W1$xVenegono$y1$m2K I 78$j212003$B225289$CSeMilBibl$Z2$F225289 $8B 961 $aBrambilla don Paolo - Omaggio 996 $6245$aVita di conversione e di purezza$9(OLS)http://semarc/title/422338 996 $6264$aRoma :$bPatriarcato Copto Ortodosso$9(OLS)http://semarc/publisher/45506 LEADER 00920nam a2200217 i 4500 001 000000078989 003 CaOOAMICUS 005 20030819000000.0 008 030819n fr u000 u mul u 013 $a51226 040 $aSeMil$bita 245 10$aTome 2 /$ccatalogue des fragments, notes et indices par Marguerite Harl ; avec la collaboration de Gilles Dorival. 490 0 $aSources Chrétiennes ;$vN°190 700 1 $aDorival, Gilles.$0(OLS)http://semarc/name/9861 700 1 $aHarl, Marguerite.$0(OLS)http://semarc/name/26078 773 0 $tChaîne palestinienne sur le Psaume 118.$dParis : Les Éditions du Cerf, 1972.$w()9772 830 0$aSources chrétiennes ;$vN°190.$0(OLS)http://semarc/title/72 850 $aSeMil 852 $aSeMil$W1$xVenegono$y1$mSL1.T IV 190$j44768$B44768$CSeMilBibl$Z2$F46585 $8I 961 $aLascito: Colombo Card. Giovanni 996 $6245$aTome 2$9(OLS)http://semarc/title/55541